| 000 | 00674nam a2200193 i 4500 | ||
|---|---|---|---|
| 001 | 133347 | ||
| 003 | ES-MaACL | ||
| 005 | 20230906194359.0 | ||
| 007 | t| | ||
| 008 | 070214s1971 sp r ||||1| spa d | ||
| 100 | 1 |
_aRudat, Eva Marja. _9100476 |
|
| 245 | 1 | 4 |
_aLas ideas estéticas de Esteban de Arteaga / _cEva Marja Rudat ; traducción de Carmen Criado de Rodríguez Puértolas. |
| 260 |
_aMadrid : _bGredos, _c1971. |
||
| 300 |
_a340 p. ; _c21 cm. |
||
| 600 | 1 | 4 |
_aArteaga, Esteban de ( _d1747-1799) _923432 |
| 650 | 4 |
_aEstética- _xObras anteriores a 1800. _912538 |
|
| 700 | 1 |
_aCriado de Rodríguez Puértolas, Carmen. _941604 |
|
| 852 |
_aES-MaACL _jC-42421 _bR.81037 |
||
| 999 |
_c133347 _d133347 |
||